Endogenous ethylene and oxidative stress in Hevea brasiliensis (Record no. 50747)

MARC details
000 -LEADER
fixed length control field 00642nam a2200193Ia 4500
100 ## - MAIN ENTRY--AUTHOR NAME
Personal name Krishnakumar R
245 #0 - TITLE STATEMENT
Title Endogenous ethylene and oxidative stress in Hevea brasiliensis
260 ## - PUBLICATION, DISTRIBUTION, ETC. (IMPRINT)
Name of publisher In: Tapping Panel Dryness of Rubber Trees (Eds.James Jacob; R Krishnakumar and N.M. Mathew) Rubber Research Institute of India, Kottayam, 2006, pp.116-124.
650 ## - SUBJECT ADDED ENTRY--TOPICAL TERM
Topical Term Cyanide toxicity
650 ## - SUBJECT ADDED ENTRY--TOPICAL TERM
Topical Term Ethylene-hypersinsity
650 ## - SUBJECT ADDED ENTRY--TOPICAL TERM
Topical Term Malondialdehyde
650 ## - SUBJECT ADDED ENTRY--TOPICAL TERM
Topical Term Oxidative stress
650 ## - SUBJECT ADDED ENTRY--TOPICAL TERM
Topical Term TPD
700 ## - ADDED ENTRY--PERSONAL NAME
Personal name Jacob J
700 ## - ADDED ENTRY--PERSONAL NAME
Personal name Mathew R
700 ## - ADDED ENTRY--PERSONAL NAME
Personal name Sreelatha S
942 ## - ADDED ENTRY ELEMENTS (KOHA)
Koha item type Bibliography STAF
Holdings
Withdrawn status Lost status Damaged status Not for loan Home library Current library Shelving location Date acquired Koha item type
      Bibliography RRII Library RRII Library Plant physiology 18/06/2007 Bibliography STAF